|
|
|
|
| LEADER |
00000cam a2200000 i 4500 |
| 001 |
1/73171 |
| 008 |
080202s2005 gr | ||| |||| ||gre|| |
| 020 |
|
|
|a 9603334197
|q (τ.2)
|
| 035 |
|
|
|l 10094332
|
| 040 |
|
|
|a GR-MY-UA
|b gre
|e aacr
|
| 041 |
0 |
|
|a gre
|
| 082 |
7 |
|
|a 370.12
|2 (22)
|
| 100 |
1 |
|
|a Μαλαφάντης, Κωνσταντίνος Δ.,
|d 1965-
|
| 245 |
1 |
0 |
|a Παιδαγωγική της λογοτεχνίας /
|c Κωνσταντίνος Δ. Μαλαφάντης ; πρόλογος: Νικόλαος Ε. Παπαδογιαννάκης.
|
| 260 |
|
|
|a Αθήνα :
|b Γρηγόρης,
|c 2005.
|
| 300 |
|
|
|a ...τ. :
|b εικ. ;
|c 21 εκ.
|
| 504 |
|
|
|a Περιλαμβάνει βιβλιογραφικές παραπομπές.
|
| 650 |
0 |
0 |
|a Education in literature.
|
| 650 |
0 |
0 |
|a Greek literature
|x History and criticism.
|
| 650 |
0 |
0 |
|a Education
|x Methodology.
|
| 700 |
1 |
|
|a Παπαδογιαννάκης, Νικόλαος Ε.
|e aui
|
| 852 |
|
|
|a INST
|b RHODES
|e 20080202
|h 370.12 ΜΑΛ
|p 005400030083
|q 005400030083
|t BK
|v τομ.2:
|y 0
|
| 901 |
|
|
|a BIBL4-2008-1
|
| 909 |
|
|
|a Ρ
|b 128336
|
| 970 |
|
|
|a ΧΑΡΙΟΠΟΛΙΤΟΥ
|b ΚΩΝΣΤΑΝΤΙΝΑ
|z 2008/02/02
|